| 000 | 01829nam a2200445 i 4500 | ||
|---|---|---|---|
| 001 | 103298 | ||
| 003 | FlNmELB | ||
| 005 | 20241217173309.0 | ||
| 006 | m o d | | ||
| 007 | cr cnu|||||||| | ||
| 008 | 150811s2015 cu ob 000 0 spa d | ||
| 020 | _a9789591625373 (e book) | ||
| 035 | _a(MiAaPQ)EBC3430545 | ||
| 035 | _a(Au-PeEL)EBL3430545 | ||
| 035 | _a(CaPaEBR)ebr11087813 | ||
| 035 | _a(OCoLC)949146533 | ||
| 040 |
_aFINmELB _bspa _erda _cFINmELB |
||
| 050 | 4 |
_aSF203 _bF676 2015 |
|
| 080 | _a636.084 | ||
| 082 | 0 |
_a636.2085 _223 |
|
| 100 | 1 | _aFonseca Fuentes, Norge. | |
| 245 | 1 | 0 |
_aContribución al estudio de la alimentación del ovino Pelibuey cubano / _cMSc. Norge Fonseca Fuentes ; directores Dr. Mario V. Cisneros López, Dr. Pedro Carlos Martín Méndez. |
| 264 | 1 |
_aLa Habana : _bEditorial Universitaria, _c2015. |
|
| 300 | _a1 recurso en línea (162 páginas) | ||
| 336 |
_atexto _btxt _2rdacontent/spa |
||
| 337 |
_acomputadora _bc _2rdamedia/spa |
||
| 338 |
_arecurso en línea _bcr _2rdacarrier/spa |
||
| 502 | _aTesis (Doctor en Ciencias Veterinarias)--Universidad de Granma, Bayamo, 2008. | ||
| 504 | _aContiene bibliografía. | ||
| 588 | _aDescripción basada en recurso en línea; Título de la página del título en PDF (e-libro, visto September 11, 2015). | ||
| 590 | _aRecurso electrónico. Santa Fe, Arg.: e-libro, 2015. Disponible vía World Wide Web. El acceso puede estar limitado para las bibliotecas afiliadas a e-libro. | ||
| 650 | 0 |
_aCattle _xFeeding and feeds. |
|
| 650 | 4 | _aGanado ovino. | |
| 650 | 4 | _aAlimentación. | |
| 655 | 4 | _aLibros electrónicos. | |
| 700 | 1 |
_aCisneros López, Mario V, _edirector. |
|
| 700 | 1 |
_aMartín Méndez, Carlos, _edirector. |
|
| 797 | 2 | _ae-libro, Corp. | |
| 856 | 4 | 0 | _uhttps://elibro.net/ereader/politecnicointernacional/90559 |
| 999 |
_c103298 _d103298 |
||